حبيبتي بكماء : (Record no. 134969)

MARC details
000 -الفاتح
عناصر البيانات ثابتة الطول 00642cam a2200193 i 4500
005 - تاريخ ووقت آخر معاملة
حقل ضبط 20260210090818.0
008 - عناصر البيانات ثابتة الطول
عناصر البيانات ثابتة الطول 250721s2013 le gr 000 f ara d
020 ## - الترقيم الدولي المعياري للكتب (ردمك)
الترقيم الدولي المعياري للكتب (ردمك) 9786140102002
082 14 - رقم تصنيف ديوي العشري
رقم التصنيف ق
رقم المادة س ا ل
100 1# - مدخل رئيسي – اسم شخصي
الاسم الشخصي السالم، محمد
245 10 - بيان العنوان
العنوان حبيبتي بكماء :
بقية العنوان رواية /
بيان المسؤولية محمد بدر السالم.
250 ## - بيان الطبعة
بيان الطبعة الطبعة الثالثة.
264 31 - بيانات النشر، التوزيع…إلخ
مكان النشر، التوزيع...إلخ بيروت :
اسم الناشر، الموزع...إلخ الدار العربية للعلوم ناشرون،
تاريخ النشر، التوزيع...إلخ 2013.
300 ## - الوصف المادي
عدد الوحدات المكونة للوعاء 127 صفحة.
650 17 - مدخل إضافي بالموضوع - مصطلح موضوعي
مصطلح موضوعي أو اسم جغرافي كعنصر مدخل القصص العربية.
650 17 - مدخل إضافي بالموضوع - مصطلح موضوعي
مصطلح موضوعي أو اسم جغرافي كعنصر مدخل الأدب العربي.
942 ## - بيانات إضافية (كوها)
نوع التنصيف Dewey Decimal Classification
نوع المادة (كوها) Books
Holdings
حالة السحب حالة الفقدان مصدر التصنيف حالة التلف غير قابل للإعارة المكتبة الرئيسية المكتبة الحالية موقع الرف تاريخ التزويد الرقم المتسلسل Total Checkouts رقم الإستدعاء الباركود تاريخ آخر ظهور تاريخ الفاتورة نوع المادة (كوها)
    Dewey Decimal Classification     المكتبة المركزية المكتبة المركزية الإعارة 28/07/2025 1630466   ق/س ا ل PLD00386179 28/07/2025 28/07/2025 Books
    Dewey Decimal Classification     المكتبة المركزية المكتبة المركزية الإعارة 13/04/2016 1630467   ق/سال PLD00386324 28/07/2025 13/04/2016 Books
    Dewey Decimal Classification     المكتبة المركزية المكتبة المركزية الإعارة 13/04/2016 1630468   ق/سال PLD00386325 28/07/2025 13/04/2016 Books
    Dewey Decimal Classification     المكتبة المركزية المكتبة المركزية   13/04/2016 1630469   ق/سال PLD00386326 28/07/2025 13/04/2016 Books
    Dewey Decimal Classification     المكتبة المركزية المكتبة المركزية   13/04/2016 1630470   ق/سال PLD00386327 28/07/2025 13/04/2016 Books
Implemented & Customized by: BBB with SCIT (Smart Chains for Information Technology)

Powered by Koha